Statistics for Footballers by Career - Bayern Munich

Click here to take the quiz!

General Stats

  • This quiz has been taken 109 times
  • The average score is 7 of 10

Answer Stats

Player% Correct
Arjen Robben
99%
Thiago Alcântara
98%
Bastian Schweinsteiger
94%
David Alaba
92%
Claudio Pizarro
76%
Mario Gómez
74%
Owen Hargreaves
68%
Roque Santa Cruz
54%
Christian Ziege
20%
Markus Babbel
18%

Score Distribution

Percentile by Number Answered

Percent of People with Each Score

Your Score History

You have not taken this quiz